1356 1988 1568 1097 1979 1772 1865 1015 1603 1749 1944 1429 1897 1837 1504 1143 1270 1665 1132 1649 1511 1070 1057 1512 1157 1271 1261 1791 1279 1772 1294 1644 1044 1402 1070 1289 1472 1957 1445 1190 1730 1704 1161 1149 1122 1223 1835 1981 1175 1057 1433 1827 1706 1435 1252 1754 1086 1974 1952 1688 1043 1490 1778 1759 1853 1198 1162 1191 1810 1019 1251 1044 1229 1586 1140 1254 1184 1063 1216 1915 1639 1355 1138 1670 1172 1009 1462 1762 1071 1873 1621 1397 1873 1766 1282 1157 1794 1722 1058 BCNSPRNW ULIB Ver.6.0+V

เปลี่ยนเป็นภาษาไทย

Change to English
 แสดงรายละเอียดบรรณานุกรม
  กลับหน้าหลัก

Brief Record : Get Marc (ISO 2709) : E-mail record : QR code < ปิดหน้าต่าง
LEADER : 00000nam 2200000uu 4500
001    13399122823
003     ULIB
008    130927s2554||||th 000 0 tha d
020    ^a9786167078106
090    นว.^bภ21ท
100 0  ^aภาคินัย
245 10 ^aท้าคนเป็น เห็นคนตาย /^cภาคินัย [นามแฝง]
250    พิมพ์ครั้งที่4
260    ^aกรุงเทพฯ :^bโซฟา พับลิชชิ่ง,^c2554
300    ^a248 หน้า
945    ^p185^l0^i034049
999    ^aเกษร โพธิ์สุวรรณ
รายการนี้ยังไม่มีแท็ก
คุณยังไม่ได้ล็อกอิน คุณสามารถมีกิจกรรมร่วมกับเว็บไซต์ได้ แต่ต้องล็อกอินก่อน ::
  ล็อกอิน

รายการสื่อสารสนเทศ

ลำดับที่ ประเภท เลขเรียก/บาร์โค้ด สถานที่ สถานะ
1. นวนิยาย
นวนิยาย
นว. ภ21ท ฉ.1 
  Barcode: 034049
ห้องสมุดวิทยาเขตสวรรค์ประชารักษ์
►นวนิยาย
บนชั้น
  ขอยืม

รายการใกล้เคียง
    ผู้แต่ง [ภาคินัย]

BibComment


ยังไม่เคยถูกคอมเมนท์

คอมเมนท์ทรัพยากรรายการนี้
  คอมเมนท์: ท้าคนเป็น เห็นคน..


 Copyright 2026. Bcnsprnw @Library